Т. 73, вып. 4; Журнал физической химии

Detalhes bibliográficos
Parent link:Журнал физической химии/ Российская академия наук. Т. 73, вып. 4.— , 1931-.— 0044-4537
Idioma:russo
Publicado em: 1999
Formato: Livro
KOHA link:https://koha.lib.tpu.ru/cgi-bin/koha/opac-detail.pl?biblionumber=424216

MARC

LEADER 00000nam2a2200000 4500
001 424216
005 20231101074136.0
035 |a (RuTPU)RU\TPU\prd\82489 
035 |a RU\TPU\prd\82486 
090 |a 424216 
100 |a 20100518a19309999k y0rusy50 ca 
101 0 |a rus 
102 |a RU 
200 0 |a Т. 73, вып. 4 
210 |d 1999 
461 1 |0 (RuTPU)RU\TPU\prd\167  |x 0044-4537  |t Журнал физической химии  |f Российская академия наук  |v Т. 73, вып. 4  |d 1931- 
801 0 |a RU  |b 63413507  |c 20010227  |g PSBO 
801 1 |a RU  |b 63413507  |c 20100324 
801 2 |a RU  |b 63413507  |c 20150810  |g RCR 
942 |c BK 
999 |a НТБ_ТПУ  |b НФ  |e -8/20100113  |p П-3067  |u 0,00  |v 1  |y 13821000753086